000 00641nam a2200241Ia 4500
003 OSt
005 20221007071235.0
006 a|||||r|||| 00| 0
007 ta
008 221006b |||||||| |||| 00| 0 eng d
024 _a24,849
037 _cTextual
040 _aFLL
_cFLL
_beng
041 _2eng
_aeng
082 _aZ3:2:8, F6
100 _aUnderhill Arthur
_9345596
245 0 _aLaw relating to private trusts and trustees
250 _a8th
260 _aLondon
_bButterworht & Co. UK
_c1926
300 _acx,536,131p
_ccm.
942 _hZ3:2:8, F6
_cTEXL
_2CC
999 _c1142851
_d1142851